Statistiques concernant Pays les plus proches de la Suède

Cliquez ici pour prendre le quiz!

Statistiques générales

  • Ce quiz a été pris 103 fois
  • Le résultat moyen est 18 sur 20

Statistiques - réponses

kmpays% Correct
0Finlande
99%
0Norvège
99%
208Russie
99%
72Allemagne
98%
4Danemark
98%
150Estonie
96%
195Lituanie
96%
776France
95%
144Lettonie
95%
433Pays-Bas
94%
154Pologne
93%
710Autriche
92%
658Belgique
92%
685Royaume-Uni
92%
515Biélorussie
89%
694Ukraine
87%
480Tchéquie
85%
846Hongrie
84%
732Luxembourg
82%
718Slovaquie
81%

Distribution des résultats

Percentile par nombre de réponses

% des personnes avec chaque résultat

Votre développement - résultats

Vous n’avez pas pris ce quiz